000 00849cam a22002534a 4500
999 _c1685
_d1685
001 14689241
003 GZU
005 20201021104104.0
008 070109s2003 maua b 001 0 eng
010 _a 2007270814
020 _a003034851X (hbk.)
040 _aDLC
_cDLC
050 0 0 _aHC79.I55
_bMCK 2003
100 1 _aMcKeown, Patrick G.,
_d1943-
_eauthor
245 1 0 _aInformation technology and the networked economy /
_cPatrick G. McKeown.
250 _a2nd ed.
260 _aBoston, MA :
_bThomson/Course Technology,
_cc2003.
300 _axvi, 493 p. :
_bill.
_c28 cm.
504 _aIncludes bibliographical references and index.
650 0 _aInformation technology
_xEconomic aspects.
650 0 _aComputer networks
_xEconomic aspects.
906 _a7
_bcbc
_corigcop
_d3
_encip
_f20
_gy-gencatlg
942 _2lcc
_cBK
_e2nd ed.
_h79.I55
_iMcK
_kHC